| 000 | 00588nam a22001815i 4500 | ||
|---|---|---|---|
| 001 | 171373 | ||
| 003 | ES-MaACL | ||
| 005 | 20230906214620.0 | ||
| 008 | 090513s1949 mx |||| | spa d | ||
| 080 | _a616.12-073.97 | ||
| 100 | 1 |
_aSodi Pallarés, Demetrio. _9140099 |
|
| 245 | 1 | 0 |
_aNuevas bases de la electrocardiografía / _cDemetrio Sodi Pallarés. |
| 250 | _a2ª ed. | ||
| 260 |
_aMéxico : _bInstituto Nacional de Cardiología, _c1949. |
||
| 300 |
_aXII, 535 p., 1 h. pleg. : _bil. ; _c24 cm. |
||
| 650 | 1 | 4 |
_aElectrocardiografía. _9140101 |
| 852 |
_aES-MaACL _jD-7287 _9R.28837 |
||
| 999 |
_c171373 _d171373 |
||